000 00781nam a2200253Ia 4500
003 OSt
005 20221005055955.0
006 a|||||r|||| 00| 0
007 ta
008 221004b |||||||| |||| 00| 0 eng d
020 _a0712666893 (pbk)
_c1164.3
024 _a99035
037 _b3638, 03/12/2009, Bharat Scientific Syndicate
_cTextual
040 _aCRL
_cCRL
_beng
041 _2eng
_aeng
082 _aO111,3M17:g, N1
100 _aAshton Rosemary
245 0 _aG.H. Lewis
_b An unconventional victorian
260 _aLondon
_bPimlico UK
_c1991
300 _axiv,369p.
_ccm.
650 _aENGLISH LITERATURE
942 _hO111,3M17:g, N1
_cTEXL
_2cc
999 _c966000
_d966000